Biblioteca

¿Ciencia o religión? (Registro nro. 64291)

Detalles MARC
000 -LÍDER
Campo fijo de descripción fija 02598nam a22004454i 4500
001 - NÚMERO DE CONTROL
Campo de control 768714001
003 - IDENTIFICADOR DEL NÚMERO DE CONTROL
Campo de control CO-MdFUSB
005 - FECHA Y HORA DE LA ULTIMA TRANSACCIÓN
control field 20190202100528.0
008 - ELEMENTOS DE LONGITUD FIJA -- INFORMACIÓN GENERAL
Campo fijo de descripción fija -- Información general 180418t2017 ck ||||g |||| 00| 0 spa d
020 ## - NÚMERO INTERNACIONAL NORMALIZADO PARA LIBROS
Número Internacional Normalizado del libro 9789587389302
040 ## - FUENTE DE CATALOGACIÓN
Agencia de catalogación original CO-MdFUSB
Idioma de catalogación spa
Agencia que realiza la transcripción CO-MdFUSB
Agencia que realiza la modificación CO-MdFUSB
Convenciones de la descripción rda
041 ## - CÓDIGO DE IDIOMA
Código de idioma para texto/pista de sonido o título separado spa
082 ## - NÚMERO DE CLASIFICACIÓN DECIMAL DEWEY
Número de la edición del Dewey 24
Número de clasificación G 215
Clave de autor-Numero de item C569c
245 11 - TÍTULO
Título del Material ¿Ciencia o religión?
Parte restante del título - Subtitulo : exploraciones sobre las relaciones entre fe y racionalidad en el mundo contemporáneo
Mención de responsabilidad, etc. / Raúl Melendéz, Luis Fernando Múnera S.J. y Carlos Miguel Gómez, editores
264 #1 - PRODUCCIÓN, PUBLICACIÓN, DISTRIBUCIÓN, MANUFACTURA, Y COPYRIGHT
Lugar de producción, publicación, distribución, manufactura Bogotá, Colombia :
Nombre del productor, publicador, distribuidor Universidad del Rosario y Pontificia Universidad Javeriana,
Fecha de producción, publicación, distribución, manufactura, o copyright ℗2017
264 #4 - PRODUCCIÓN, PUBLICACIÓN, DISTRIBUCIÓN, MANUFACTURA, Y COPYRIGHT
Fecha de producción, publicación, distribución, manufactura, o copyright ©2017
300 ## - DESCRIPCIÓN FÍSICA
Extensión 220 páginas
Otros detalles físicos :
Dimensiones 24 cm.
336 ## - TIPO DE CONTENIDO
Fuente rdacontent
Término de tipo de contenido texto
Código de tipo de contenido txt
337 ## - TIPO DE MEDIO
Fuente rdamedia
Nombre del tipo de medio sin mediación
Código del tipo de medio n
338 ## - TIPO DE SOPORTE
Fuente rdacarrier
Nombre del tipo de soporte volumen
Código Tipo de soporte nc
504 ## - NOTA DE BIBLIOGRAFÍA, ETC.
Nota de bibliografía, etc Bibliografías (p. 18, 42, 75, 96, 116, 138, 159, 176, 199, 220)
505 #0 - NOTA DE CONTENIDO
Nota de contenido con formato preestablecido El debate contemporáneo entre ciencia y religión: ¿una cuestión metafísica o política? -- Fe y conocimiento : investigación sobre la función epistémica de la creencia religiosa -- Experiencia y religión. Esbozo de una filosofía multidimensional -- La creencia y la afirmación de Dios: camino frágil y razonable -- Objetividad y racionalidad en las afirmaciones científicas y las creencias religiosas -- Algunos supuestos lógicos en el pensamiento de Kierkegaard y el carácter existencial de la fe -- El naturalismo en la discusión entre ciencia y religión -- Ciencias, religiones y otras creencias: ¿quién debe explicarle qué a quién? -- La metafísica de la contingencia -- Comentarios críticos a la interpretación neocalvinista sobre la relación entre teorías y presupuestos metafísicos.
Título Introducción. --
-- I. Fundamentos y perspectivas para el estudio de las relaciones entre ciencia y religión. --
-- II. La racionalidad de la creencia religiosa. --
-- III. Debates actuales en la discusión entre ciencia y religión. --
650 #7 - ASIENTO SECUNDARIO DE MATERIA - TERMINO TEMÁTICO
9 (RLIN) 259
Término temático o nombre geográfico como elemento de entrada Religión y ciencia
653 ## - TÉRMINO DE INDIZACIÓN - NO CONTROLADO
Término no controlado Teoría del conocimiento
653 ## - TÉRMINO DE INDIZACIÓN - NO CONTROLADO
Término no controlado Filosofía de la religión
653 ## - TÉRMINO DE INDIZACIÓN - NO CONTROLADO
Término no controlado Razón
653 ## - TÉRMINO DE INDIZACIÓN - NO CONTROLADO
Término no controlado Metafísica
700 ## - ASIENTO SECUNDARIO - NOMBRE PERSONAL
Nombre personal Meléndez, Raúl
Responsabilidad editor
9 (RLIN) 1214
700 ## - ASIENTO SECUNDARIO - NOMBRE PERSONAL
9 (RLIN) 1215
Nombre personal Múnera, Luis Fernando, S.J.
Responsabilidad editor
700 ## - ASIENTO SECUNDARIO - NOMBRE PERSONAL
9 (RLIN) 1216
Nombre personal Gómez, Carlos Miguel
Responsabilidad editor
720 ## - ASIENTO SECUNDARIO - NOMBRE NO CONTROLADO
Nombre Schmidt, Thomas M.
720 ## - ASIENTO SECUNDARIO - NOMBRE NO CONTROLADO
Nombre Jiménez, Luis, S.J.
720 ## - ASIENTO SECUNDARIO - NOMBRE NO CONTROLADO
Nombre Contreras, Omar
720 ## - ASIENTO SECUNDARIO - NOMBRE NO CONTROLADO
Nombre Gómez, Susana
720 ## - ASIENTO SECUNDARIO - NOMBRE NO CONTROLADO
Nombre Murillo, José Ignacio
720 ## - ASIENTO SECUNDARIO - NOMBRE NO CONTROLADO
Nombre Eslava, Edgar
720 ## - ASIENTO SECUNDARIO - NOMBRE NO CONTROLADO
Nombre Hidalgo, Catalina
720 ## - ASIENTO SECUNDARIO - NOMBRE NO CONTROLADO
Nombre Garzon, Camilo
942 ## - TIPO DE MATERIAL (KOHA)
Tipo de Item KOHA Libros General
Existencias
Estado de Material Estado de Perdido Forma de Clasificación Estado de Dañado No para Préstamo Colección Biblioteca de Origen Biblioteca Permanente Fecha de Adquisición Total de Préstamos Signatura Topográfica Código de Barras Última vez visto Ejemplar/Existencia Fecha de Remplazo Tipo de Material
    Dewey Decimal Classification     Colección General Biblioteca FUSBC Biblioteca FUSBC 18/04/2018   G 215 C569c 6321 12/12/2019 Ej. 1 18/04/2018 Libros General

Biblioteca FUSBC | Teléfono: (57+4) 349 88 10 Ext. 141| WhatsApp (+57) 3005338115 
E-mail: biblioteca@unisbc.edu.co | Calle 76 87-14 Robledo Palenque, Medellín, Colombia

Con tecnología Koha